00660nam a22001937a 4500999001900000005001700019010001500036020001100051035001400062037001300076082000800089100002100097245006400118260003400182270006400216300003400280942002200314952013000336 c190512d19051220220727113859.0 aENG-134031 c290.00 aEN-117563 bDBAD/PUB a004 aChandrasekar, M. aFundamentals of computing and programming/cM. Chandrasekar aDindigulbAyyanar Pathippagam a14, Duddley School BuildingbDindigule624001k0451-2426561 a368p.c24cm(pbk)b References 2ddccENh004mCHA 001040708NFICaAVbAVd2022-07-27eDBAD/PUBg290.00l0o004 CHApEN-117563r2022-07-27 00:00:00t1v290.00w2022-07-27yEN